Comentario a "Sustitución de importaciones versus promoción de exportaciones ..." (Registro nro. 16375)

Detalles MARC
000 -LEADER
fixed length control field 00375 a2200109 4500
001 - CONTROL NUMBER
control field ART_3421
005 - DATE AND TIME OF LATEST TRANSACTION
control field 20260410161714.0
008 - FIXED-LENGTH DATA ELEMENTS--GENERAL INFORMATION
fixed length control field 260409a
100 1# - MAIN ENTRY--PERSONAL NAME
Personal name Gerchunoff, Pablo
245 10 - TITLE STATEMENT
Title Comentario a "Sustitución de importaciones versus promoción de exportaciones ..."
773 0# - HOST ITEM ENTRY
Title Desarrollo económico
Related parts - Vol. 22, Nº 88 (ene./mar. 1983)
Record control number REV1174

No hay ítems disponibles.